000 00660nam a2200205 a 4500
003 PILC
005 20150112093439.0
008 100721s19uu xx 00 eng d
020 _a0582316529
050 _aHF 5351
_b.B979 1997
082 _aMnSF 658
_bB852 1997
100 _aBuckley, Martin
_917228
245 _aBusiness studies :
_bA-level and As-level /
_cMartin Buckley ... [et. al.]
260 _aHarlow, Essex, England :
_bAddison Wesley Longman Limited,
_c1997.
300 _a299 pages :
_billustration ;
_c30 cm.
650 _aBusiness studies
_917229
700 _aBrindley, Barry
_917230
700 _aGreenwood, Malcolm
_917231
942 _2lcc
_cBK
999 _c14668
_d14668